| 000 | 02609cam a2200349 i 4500 | ||
|---|---|---|---|
| 003 | SA-RiAUC | ||
| 005 | 20250418130302.0 | ||
| 008 | 250316s2013 jo a f b 000 0 ara c | ||
| 020 | _a9786030093502 | ||
| 024 | 0 | _a00000000620825 | |
| 040 |
_aSA-RiAUC _bara _cSA-RiAUC _dAE-DuMBRL _erda |
||
| 050 | 4 | _b.R39 2013 | |
| 082 | 0 | 4 |
_a158.2 _qSA-RiAUC |
| 090 |
_a158.2 _b ر و ا |
||
| 100 | 1 |
_aرواس، محمد بن عوض بن خالد _eمؤلف. |
|
| 245 | 1 | 0 |
_aخريطة العقل = _bMind map : المرشد العلمي لخريطة العقل / _cتأليف د. محمد عوض رواس، د. نيفين حمزة البركاتي. |
| 246 | 3 | 1 | _aMind map |
| 250 | _aالطبعة الأولى. | ||
| 264 | 1 |
_aعمان، الأردن : _bمؤسسة الوراق للنشر والتوزيع، _c2013. |
|
| 300 |
_a266 صفحة : _bرسوم ؛ _c28 × 21 سم. |
||
| 336 |
_aنص _btxt _2rdacontent _3كتاب |
||
| 337 |
_aبدون وسيط _bn _2rdamedia |
||
| 338 |
_aمجلد _bnc _2rdacarrier |
||
| 490 | 0 |
_aاستراتيجية التعلم والتعليم ؛ _v1 |
|
| 504 | _aببليوجرافية : صفحة 261-266. | ||
| 520 | _aيتناول كتاب (خريطة العقل : المرشد العلمي لخريطة العقل) والذي قام بتأليفه (د. محمد عوض رواس، د. نيفين حمزة البركاتي) في حوالي (266) صفحة من القطع المتوسط موضوع (التفكير) مستعرضا المحتويات التالية : المقدمة-محتویات کتاب خريطة العقل-التقويم والتأمل-كيف تستخدم كتاب خريطة العقل ذاتيا ؟ نبذة تاريخية-ماهي خريطة العقل ؟-فلسفة خريطة العقل-مجالات استخدام خرائط العقل-كيف تتواصل الشجيرات العصبية لأحداث التعلم-أنواع التعلم كيف يتم التعلم وفق نظرية الدماغ ؟-مراحل تخزين المعلومات في الدماغ-تنظیم وتخزين المعلومات-قواعد التعلم و خريطة العقل-تصحيح الأخطاء : التعلم من خلال التجربة والخطأ-لماذا لا يفهم الدماغ من المرة الأولى ؟-خريطة العقل وتعلم الدماغ بين التركيب والوظيفة... إلخ. | ||
| 650 | 7 |
_aالتفكير _2aucsh |
|
| 650 | 7 |
_aالعقل _xفلسفة _2aucsh |
|
| 700 | 1 |
_aالبركاتي، نيفين بنت حمزة بن شرف _eمؤلف. |
|
| 942 |
_2ddc _cBOOK _n0 |
||
| 949 |
_aSA-JeALM _d250316 _umohamedma123 _n1 |
||
| 999 |
_c7157 _d7157 |
||